DELMARS REDIOGRAPIC POSITIONING PROCEDURES VOL.1 (Record no. 480725)

MARC details
000 -LEADER
fixed length control field 00369pam a2200157a 44500
008 - FIXED-LENGTH DATA ELEMENTS--GENERAL INFORMATION
fixed length control field 230515b1997 xxu||||| |||| 00| 0 eng d
020 ## - INTERNATIONAL STANDARD BOOK NUMBER
International Standard Book Number 0
041 ## - LANGUAGE CODE
Language code of text/sound track or separate title ENGLISH
082 ## - DEWEY DECIMAL CLASSIFICATION NUMBER
Classification number 616.7 GRE
100 ## - MAIN ENTRY--PERSONAL NAME
Personal name GREATHOUSE J.S.
245 ## - TITLE STATEMENT
Title DELMARS REDIOGRAPIC POSITIONING PROCEDURES VOL.1
250 ## - EDITION STATEMENT
Edition statement 1
260 ## - PUBLICATION, DISTRIBUTION, ETC.
Place of publication, distribution, etc. NULL
Name of publisher, distributor, etc. DELMAR
Date of publication, distribution, etc. 1997
300 ## - PHYSICAL DESCRIPTION
Extent 743
650 ## - SUBJECT ADDED ENTRY--TOPICAL TERM
Topical term or geographic name entry element N.D.
Holdings
Withdrawn status Lost status Damaged status Not for loan Home library Current library Shelving location Date acquired Source of acquisition Cost, normal purchase price Total Checkouts Full call number Barcode Date due Date last seen Date last checked out Price effective from Koha item type
        College of Ayurved, Pune College of Ayurved, Pune   01/01/1991 NULL 3000.00 1 616.7 GRE ACP-PG-1164 23/06/2024 24/05/2024 24/05/2024 28/06/2023 Book